[Event "WCPL:Abergavenny-Cardigan"]
[Site "?"]
[Date "2016.05.08"]
[Round "7.16"]
[White "Parry, Matthew"]
[Black "Van Kemenade, Rudy"]
[Result "1-0"]
[WhiteElo "1895"]
[BlackElo "2002"]
[Annotator "Kemenade"]
[PlyCount "61"]
[EventDate "2016.??.??"]

1. d4 Nf6 2. c4 e5 3. dxe5 Ng4 4. a3 a5 (4... Nxe5 {main}) 5. Nc3 $146 (5. Nf3
Bc5 6. e3 Nc6 {Bullen-Van Kemenade, 4NCL 2015,0-1 transposes to mainstream
lines}) (5. e4 Nxe5 6. f4 {transposes to other main lines} (6. Be2 Bc5 7. Nf3
Nbc6 8. Nxe5 Nxe5 9. O-O O-O {Westra-Van Kemenade, British Rapid , Leeds 1999,
0-1})) 5... Nc6 (5... Nxe5 6. Bf4 Nbc6 7. Nf3 d6 $11 {Fritz15}) 6. Nf3 Ncxe5 7.
Nxe5 Nxe5 8. Bf4 Ng6 (8... d6 {is safer,but Fritz15 still finds complications}
9. e3 Be6 10. c5 f6 11. Qa4+ Bd7 12. Qe4 Bc6 13. Bb5 Qd7 14. Bxc6 Qxc6 15. Nd5
O-O-O (15... Qxc5 16. O-O $16) 16. cxd6 Qxd6 17. Rd1 Qe6 18. O-O Bd6 19. Qa4
Nc6 20. Bxd6 Rxd6 21. Nf4 Qe5 22. Rxd6 Qxd6 23. b4 axb4 24. Rd1 Qc5 25. Qa8+
Nb8 26. axb4 Qxb4 27. Nd5 Rd8 28. Qa4 Qf8 29. Qa7 Qb4 30. h3 Qe4 31. Rd4 Qe5
32. e4 Nc6 33. Qa8+ Kd7 34. Nxf6+ Ke7 35. Rxd8 Nxd8 36. Nd5+ Kd7 37. Qa5 Nc6
38. Qd2 Kc8 $14 {is an example}) 9. Bg3 Ra6 {too ambitious, but meant to take
Wh out of his opening preparations} (9... Bc5 {considered, not liked because of
} 10. Nd5 (10. e3 O-O 11. h4 h6 12. h5 Ne7 13. Bd3 d6 14. O-O Be6 $11 {Fritz15}
) 10... d6 11. b4 {however pm analysis & Fritz15 have} Ba7 $11 12. bxa5 (12. c5
c6 13. Nc3 Bb8 14. Ne4 d5 15. Bxb8 dxe4 16. Qxd8+ Kxd8 17. Rd1+ Ke7 18. Bd6+
Kf6 19. Rd4 axb4 20. Rxb4 Rxa3 21. Rxe4 Ra1+ 22. Kd2 Be6 $11 {Fritz15}) 12...
O-O 13. e3 Bc5 $11) (9... d6 10. c5 Be6 11. Qa4+ Bd7 12. Qb3 Be7 13. Nd5 Bc6
14. Rd1 a4 15. Qc3 Bxd5 16. Rxd5 c6 17. Rd2 d5 $11 {Fritz15}) 10. Nb5 d6 (10...
Rc6 11. e3 Be7 (11... Bc5 12. Be2 d6 (12... O-O 13. Bf3 $16 {Fritz15})) 12. Be2
d6 13. Rc1 Nh4 14. O-O Nf5 15. Qa4 Nxg3 16. hxg3 O-O 17. Qxa5 Be6 18. Rfd1 $16)
11. e3 Be7 (11... Rc6 12. Nd4 Rb6 13. Qa4+ Bd7 14. Qxa5 Be7 (14... Rxb2 15.
O-O-O Rb6 16. c5 Qc8 17. Bb5 Rxb5 18. Nxb5 Bxb5 19. Qxb5+ c6 20. Qa5 dxc5 21.
Qc7 $16 {Fritz15}) 15. Nb5 Rc6 16. Be2 h5 17. h3 h4 18. Bh2 O-O 19. O-O Bf6 20.
Qd2 $16 {Fritz15}) 12. c5 Rc6 13. cxd6 cxd6 14. Rc1 (14. Na7 Rb6 15. Nxc8 Qxc8
16. Rc1 Qd7 17. Qd4 Qd8 18. a4 O-O 19. Bb5 Bf6 20. Qd2 Nh4 21. O-O Nf5 22. b3
Nxg3 23. hxg3 d5 24. Qxa5 $16 {Fritz15}) 14... Rxc1 (14... O-O {pm analysis}
15. Rxc6 bxc6 16. Nxd6 Be6 (16... Qb6 17. Nc4 $16 {Fritz15} (17. Nxc8 Rxc8 18.
Qc2 Bf6 19. b3 a4 20. b4 c5 21. Bd3 Ne7 22. b5 Qa5+ 23. Ke2 Nd5 {gives Bl some
counterplay against the Wh K})) 17. Nc4 Bd5 18. Qd2 Nh4 19. Rg1 (19. f3 Bg5 20.
Kf2 Nxg2 21. Kxg2 Bxc4 22. Qxd8 Bxf1+ 23. Rxf1 Rxd8 $11 {Fritz15}) 19... Nf5
20. Bd3 Nxg3 21. hxg3 Bf6 22. Qxa5 Qxa5+ 23. Nxa5 Bxb2 24. Nc4 Bxc4 25. Bxc4
Bxa3 26. Ke2 $14 {Fritz15}) 15. Qxc1 O-O 16. Be2 $14 Qb6 (16... Nh4 17. O-O Nf5
18. Bf4 g5 19. e4 gxf4 20. exf5 Bg5 21. h4 f3 22. hxg5 fxe2 23. Re1 Bxf5 24.
Qd2 Re8 25. Nc3 Be4 26. Rxe2 Bc6 27. Rxe8+ Qxe8 $14 {Fritz15}) 17. Qd2 (17. Qc7
Qxc7 18. Nxc7 Bf6 19. O-O (19. b3 Bc3+ 20. Kd1 Be5 21. Kd2 Bd7 22. Nb5 Bxb5 23.
Bxb5 Rc8 24. Rb1 $14) 19... Bxb2 20. Bxd6 Rd8 21. Nb5 Bd7 22. Bc7 Ra8 23. a4
Bc6 24. Rb1 Bf6 $14 {Fritz15}) 17... Ne5 (17... Nh4 18. Bxh4 (18. O-O Nf5 19.
Bf4 g5 {as above, Fritz15}) 18... Bxh4 19. O-O (19. Qxd6 Qxe3 $1 $19) 19... Rd8
20. b4 axb4 21. Qxb4 Be7 22. Rc1 Be6 $11 {Fritz15}) 18. Qd4 (18. O-O Be6 19.
Rc1 Rd8 20. h3 $14 {Fritz15}) 18... Qxd4 (18... Qc6 {is better, pm analysis &
Fritz15} 19. O-O Be6 20. Nxd6 {Fritz15} (20. Bxe5 dxe5 21. Qxe5 Bf6 22. Qd6 Qc2
$11 {Fritz15} (22... Bxb2 23. Qd2 Bf6 24. Qxa5 $14)) 20... f6 21. Nb5 Rd8 22.
Qa7 (22. Qa4 Bc4 23. Bxc4+ Nxc4 24. Qb3 Rd2 25. Rb1 Kf8 26. Nd4 a4 27. Nxc6
axb3 28. Nd4 Rxb2 29. Rxb2 Nxb2 30. Nxb3 Bxa3 31. Kf1 $11 {Fritz15}) 22... Bc4
23. Bxe5 Bxe2 24. Nd4 Qa6 25. Qxa6 Bxa6 26. Bc7 Rc8 27. Bxa5 Bxf1 28. Kxf1 Bd6
$15 {Fritz15}) 19. exd4 Nc6 20. Kd2 {to improve the K position for the endgame}
(20. d5 {Rudy} Ne5 21. Kd2 Bf5 22. f4 {Fritz15} (22. Rc1 Be4 23. Rc7 Bd8 24.
Rc3 (24. Rxb7 Bxd5 25. Ra7 Bxg2 26. Nxd6 Nc6 27. Rxf7 Rxf7 28. Bc4 Bg5+ 29. f4
Bf6 30. Nxf7 Bxb2 31. Ng5+ Kh8 32. a4 h6 $11)) 22... Ng6 23. Bd3 Bxd3 24. Kxd3
Rc8 25. Re1 Kf8 26. Re4 Rc5 27. Nc3 Bf6 28. Bf2 Rc8 29. Bb6 Bxc3 30. bxc3 f5
31. Ra4 $16 {Fritz15}) 20... Rd8 {too passive; Bl was hoping to get in Bf6} (
20... d5 $14 {pm analysis, blocks the crucial c file}) (20... Be6 $14 {also,
Fritz15 prevents d5 by Wh}) 21. d5 Ne5 22. Rc1 $16 Kf8 (22... Bf5 23. Rc7 Kf8
24. f3 (24. f4 Nd7 25. Rxb7 (25. Bd3 Bxd3 26. Kxd3 Nc5+ 27. Kc2 $16) 25... Nc5
26. Ra7 Bf6 27. Kd1 Bxb2 28. Be1 Rd7 29. Rxa5 Be4 30. Bf3 Bxf3+ 31. gxf3 $18)
24... Rb8 25. Bxe5 dxe5 26. Bd3 Bd8 27. Bxf5 (27. Rc2 Bd7 $11) 27... Bxc7 28.
Nxc7 g6 29. Bd3 Ke7 30. Nb5 Rd8 31. Bc4 $16 {Fritz15}) 23. Rc7 f5 (23... Bf5 {
still best try}) (23... b6 {weakens all the Wh squares} 24. Nd4 Bf6 25. b3 g5
26. Nc6 Nxc6 27. dxc6 Bb2 28. a4 Ba3 29. f4 $18 {Fritz15}) 24. f3 $18 (24. Rxe7
Kxe7 25. Bh4+ Kd7 26. Bxd8 Kxd8 27. Nxd6 $18 {Fritz15}) (24. Na7 Bd7 25. Rxb7
$18) 24... g5 25. Bf2 Nd7 {preventing Bb6 & hoping to manage the sequence of
Nf6-e8 expelling the R; but overlooking the reply} (25... a4 26. Nc3 (26. Bb6
Nd7 27. Ba5 b6 28. Bb4 Nc5 29. Nd4 Bd7 30. Bd3 Rc8 31. Rxc8+ Bxc8 32. Bxf5 Bf6
33. Bxc8 Bxd4 34. Bc3 Bxc3+ 35. Kxc3 $18) 26... Bd7 27. Rxb7 Be8 28. Bd4 h5 29.
Bd1 $18 {Fritz15}) 26. Na7 $18 Nf6 27. Rxc8 Nxd5 28. Rxd8+ Bxd8 29. Nb5 Ke7 30.
Bc4 Nf4 31. Bg3 1-0

[Event "WCPL:Abergavenny-Cardigan"]
[Site "?"]
[Date "2016.05.08"]
[Round "7.17"]
[White "Haigh, Tony"]
[Black "Llewellyn, David"]
[Result "0-1"]
[WhiteElo "1814"]
[BlackElo "1831"]
[Annotator "Kemenade"]
[PlyCount "76"]
[EventDate "2016.??.??"]

1. d4 d5 2. Nf3 Nf6 3. c4 dxc4 4. e3 Bg4 5. Bxc4 e6 6. O-O (6. h3) (6. Nc3) (6.
Qb3) 6... Nbd7 7. Nbd2 (7. Nc3 {main, more active}) 7... Be7 (7... c5) 8. b3 (
8. Qb3) 8... O-O 9. Bb2 c5 10. e4 $146 (10. Be2) 10... cxd4 11. Bxd4 Nc5 $11
12. Re1 (12. e5 Nd5 13. Bxc5 Bxc5 14. Ne4 Ba3 15. h3 Bh5 16. Ng3 Bg6 17. Bxd5
Qxd5 18. Qxd5 exd5 19. Rad1 Rfd8 20. Nd4 $11 {Fritz15}) 12... Qxd4 13. Nxd4
Bxd1 14. Raxd1 Rfd8 $17 {Bl has more active pieces} 15. N4f3 Nd3 (15... Nfxe4 {
Rudy & Fritz15} 16. Nxe4 Rxd1 17. Rxd1 Nxe4 $17) 16. Re2 (16. Bxd3 Rxd3 17. e5
Nd5 18. Nc4 Nb4 19. Rxd3 Nxd3 20. Rd1 Rd8 21. Kf1 b5 22. Na3 a6 23. Nc2 g5 $15
{Fritz15}) 16... Nb2 (16... Nf4 17. Ree1 Bb4 18. Bf1 Ng6 19. e5 Nd5 $15 {
Fritz15}) 17. Rc1 (17. Rb1) 17... Nxc4 (17... Rac8 $15 {Fritz15}) 18. Rxc4 $11
Rac8 19. Ne5 (19. g3 Nd7 20. Kg2 $11) 19... Rxc4 20. Nexc4 b5 $17 21. Ne3 Bb4 (
21... Bc5 22. h3 Bxe3 23. fxe3 Rd3 24. Kf2 Rxd2 25. Rxd2 Nxe4+ 26. Ke2 Nxd2 27.
Kxd2 e5 28. Kc3 a5 $19 {Fritz15} 29. a4 bxa4 30. bxa4 f5 31. Kc4 Kf7 32. Kb5 e4
33. g3 g5 34. Kxa5 f4 $19 {Fritz15}) 22. Nef1 Kf8 (22... Rc8 23. Nf3 Kf8 $15 {
Fritz15}) 23. g3 Ke7 24. f3 (24. e5 Nd5 25. Ne4 Bc3 26. f4 Bd4+ 27. Kg2 h6 28.
Rc2 f6 $15 {Fritz15}) 24... Rd3 (24... e5) 25. Kf2 Nd7 (25... a6) 26. Nb1 {
retreating further} (26. f4 e5 27. Nf3 exf4 28. gxf4 Nf6 29. Ng3 g6 30. Kg2 Bc5
31. Rc2 Bb6 $15 {Fritz15}) 26... Rd1 $19 27. Rb2 (27. Nfd2 Ne5 28. Kg2 g5 $19 {
Fritz15}) 27... Ne5 {Bl's pieces control the board} 28. Ne3 Rh1 (28... Re1 29.
Nc2 Nd3+ 30. Kg2 Re2+ 31. Kh3 Bc5 $19 {Fritz15}) 29. Kg2 Re1 (29... Rc1) 30. a3
Bc5 (30... Nd3 31. Nc2 Re2+ 32. Kh3 Nxb2 $19 {Fritz15}) 31. Nf1 Nd3 (31... Bd4
32. Rd2 Ba1 33. f4 Nd7 $19 {Fritz15}) 32. Rd2 Rxb1 $19 33. Rxd3 Bxa3 34. f4 Bc5
35. Rc3 Rb2+ 36. Kf3 Rf2+ 37. Kg4 Bb6 38. Rf3 $2 (38. Rc1 a5 $19) 38... h5+ 0-1

[Event "WCPL:Abergavenny-Cardigan"]
[Site "?"]
[Date "2016.05.08"]
[Round "7.18"]
[White "Waterfield, John W"]
[Black "Van Kemenade, Julie"]
[Result "1-0"]
[WhiteElo "1956"]
[BlackElo "1730"]
[Annotator "Kemenade"]
[PlyCount "63"]
[EventDate "2016.??.??"]

1. e4 d6 2. d4 Nf6 3. Nc3 c6 4. f4 (4. f3 Qc7 5. Be3 e5 6. Qd2 Be7 7. g4 b5 {
Waterfield-Van Kemenade, Dyfed Open 2015,0-1}) 4... Qa5 5. Bd3 e5 6. Nf3 Nbd7 (
6... Bg4 {alternative}) 7. O-O Be7 8. Kh1 Qc7 (8... O-O) 9. a4 (9. Qe1 {main})
9... O-O (9... exd4 10. Nxd4 Nc5 11. e5 dxe5 12. fxe5 Qxe5 13. Bf5 Ne6 14. Bxe6
fxe6 15. Bf4 Qh5 16. Qe1 Qf7 $11 {Calzetta Ruiz-Borsuk, EU ch tm (women)
Batumi 1999,1/2-1/2}) 10. Qe1 (10. Qe2 Re8 11. a5 Bf8 12. dxe5 dxe5 13. f5 Bb4
14. Bd2 Bxa5 15. g4 Bxc3 16. bxc3 Nc5 17. g5 Nh5 $11 {Salov-Klinova, Godesburg
op Bonn 1999,1-0}) 10... Ne8 (10... b6 11. dxe5 dxe5 12. Nh4 Nc5 13. Bc4 Bd6
$11 {Dafydd Johnston-MacDonald Ross, 4NCL 2001,1-0} (13... Be6 $15)) (10... a5
11. h3 Re8 12. dxe5 dxe5 13. f5 Nc5 14. g4 b6 (14... Nxd3 15. cxd3 Rd8 $15 {
Fritz15}) 15. g5 Nxd3 16. cxd3 Nd7 $11 {Koselova-Briestenska, SVK ch U20 girls
Martin 2013,0-1} (16... Nh5 $15)) (10... exd4 {Fritz15; opening up the centre
to counter the K side attack} 11. Nxd4 Nc5 12. a5 (12. Bd2 Re8 13. Qg3 Bf8 14.
Rae1 Nxd3 15. Qxd3 Nd7 $11 {Subasic-Dizdarevic, BIH ch tm Neum 2000,0-1}) 12...
Re8 13. b4 Nxd3 14. cxd3 d5 $11 {Sebih-Galego, Algarve 1995,0-1}) 11. Qg3 Bf6 (
11... exd4 12. Nxd4 Nc5 $14 {Fritz15}) 12. fxe5 dxe5 13. dxe5 Bxe5 14. Nxe5
Qxe5 15. Bf4 $16 Qa5 16. e5 Nc5 17. Bg5 (17. Ne4 Nxd3 (17... Nxe4 18. Bxe4 g6
19. Bg5 Ng7 20. Be7 Re8 21. b4 Qb6 22. Bc5 Qc7 23. Bd6 Qd7 24. a5 $16 {Fritz15}
) 18. cxd3 (18. Qxd3 Bf5 $11) 18... Be6 (18... Qc7 19. Rae1 Be6 20. Qh4 Qd7 21.
Bg5 Nc7 22. Nf6+ gxf6 23. Bxf6 Qxd3 24. Rf3 Qg6 25. Rg3 $18) 19. Bd2 Qb6 20.
Be3 Qb3 21. Bc5 $16 {Fritz15}) 17... Qc7 (17... Nxd3 18. cxd3 (18. Qxd3 Bf5 $11
) 18... Kh8 (18... Qb4 19. Ne4 Be6 20. Qh4 Qxb2 21. Be7 Qxe5 22. Bxf8 Kxf8 23.
Qxh7 f6 24. Rae1 $18 {Fritz15}) 19. Qh4 Qd5) 18. Ne4 Nxe4 (18... Nxd3 19. cxd3
f5 20. Be3 (20. exf6 Qxg3 21. Nxg3 (21. hxg3 gxf6 22. Bxf6 Nxf6 23. Nxf6+ Kg7
24. Nh5+ Kg8 25. Rf3 Bf5 $14) 21... Nxf6 22. Bxf6 Rxf6 23. Rxf6 gxf6 24. Re1
Kf8 $11 {Fritz15}) 20... b6 (20... fxe4 21. Rxf8+ Kxf8 22. Rf1+ Kg8 23. Bc5 h5
24. Qg6 Nf6 25. Rxf6 Bg4 26. Bd6 Qd7 27. h3 Be2 28. dxe4 Bc4 29. Rf3 $16 {
Fritz15}) 21. a5 Rb8 22. axb6 axb6 23. Nc3 Be6 $14 {Fritz15}) 19. Bxe4 f6 (
19... f5 20. Rad1 Be6 21. Bf3 Qf7 22. Qh4 Nc7 23. Bh5 g6 24. Be2 Nd5 25. Bf3
$16 {Fritz15}) 20. Qb3+ Kh8 (20... Qf7 21. Qb4 a5 22. Qc5 Be6 23. Rae1 Bd5 24.
exf6 Nxf6 25. Bxf6 gxf6 26. Qc3 Bxe4 27. Rxe4 Qg7 28. Re3 Kh8 29. b3 $16 {
Fritz15} (29. Ref3 f5 30. Qxg7+ Kxg7 31. Rxf5 Rxf5 32. Rxf5 Rd8 33. h3 Rd2 34.
Rxa5 Rxc2 35. b4 Rb2 36. b5 Kf6 (36... cxb5 37. Rxb5 $18) 37. bxc6 bxc6 38. Rc5
Rb6 39. a5 Ra6 40. Kg1 $18 {though Bl can fight on})) 21. exf6 Qe5 $2 (21...
Nxf6 22. Bxf6 Rxf6 23. Rxf6 gxf6 24. Rf1 Qg7 25. h3 $16 (25. Qc3 f5)) 22. fxg7+
Qxg7 23. Rxf8+ Qxf8 24. Qd3 (24. Rd1 $18) 24... Qg7 (24... Be6 25. Rf1 Qg7 26.
Be3 Qe7 27. Bxh7 $18 {Fritz15}) 25. Bd2 (25. Qd8 Qg8 26. Bh6 $18 {Fritz15})
25... Qd7 26. Bc3+ Ng7 (26... Kg8 27. Qg3+ Ng7 28. Qh4 h5 29. Rf1 {mate in 9;
Fritz15}) 27. Qf3 (27. Rf1 $1 Qe7 28. Bf6 Qc7 29. Bxg7+ Kxg7 (29... Qxg7 30.
Qd8+ Qg8 31. Qd4+ Qg7 32. Rf8#) 30. Qc3+ Kg8 31. Bd5+ cxd5 32. Qxc7 Be6 33. Qe7
Bg4 34. Qg5+ Kh8 35. Rf7 Rg8 36. Qf6+ Rg7 37. Rf8# {Fritz15}) 27... Qe7 (27...
Qe8 {a little better}) 28. Re1 (28. Qh5 $1 Kg8 (28... Qxe4 29. Qf7) 29. Qxh7+
Kf7 30. Bg6+ Ke6 31. Qh3+ Kd6 32. Qg3+ Kc5 33. Qf2+ Kd6 34. Qf4+ Ke6 35. Rd1 a5
36. Qe4# {Fritz15}) 28... Be6 29. Bf5 Kg8 (29... Rf8 30. Qh5 Rxf5 31. Qxf5 $18)
30. Bxg7 (30. Bxe6+ Nxe6 31. Qg4+ Kf7 32. Qf5+ Kg8 33. Rxe6 {mating soon})
30... Qxg7 31. Bxe6+ Kh8 32. Qc3 1-0